| 000 | 00423nam a2200157 i 4500 | ||
|---|---|---|---|
| 001 | 84393 | ||
| 003 | ES-MaACL | ||
| 005 | 20230906175016.0 | ||
| 007 | t| | ||
| 008 | 041122s1967 sp ||||1| spa d | ||
| 100 | 1 |
_aJimeno, Julio V. _966640 |
|
| 245 | 1 | 0 |
_a¡Jimmy, tu tío te espera! / _cJulio V. Jimeno. |
| 260 |
_aBarcelona : _bSagitario, _c1967. |
||
| 300 |
_a298 p. ; _c20 cm. |
||
| 852 |
_aES-MaACL _jC-33095 _bR.63093 |
||
| 999 |
_c84393 _d84393 |
||